Harry Potter and the Half-Blood Prince / (Record no. 39055)
[ view plain ]
| 000 -LEADER | |
|---|---|
| fixed length control field | 01688cam a2200421 a 4500 |
| 001 - CONTROL NUMBER | |
| control field | 13849766 |
| 003 - CONTROL NUMBER IDENTIFIER | |
| control field | OSt |
| 005 - DATE AND TIME OF LATEST TRANSACTION | |
| control field | 20140311162956.0 |
| 008 - FIXED-LENGTH DATA ELEMENTS--GENERAL INFORMATION | |
| fixed length control field | 050125s2005 nyua j 000 1 eng |
| 010 ## - LIBRARY OF CONGRESS CONTROL NUMBER | |
| LC control number | 2005921149 |
| 020 ## - INTERNATIONAL STANDARD BOOK NUMBER | |
| International Standard Book Number | 9780439785969 |
| 040 ## - CATALOGING SOURCE | |
| Original cataloging agency | DLC |
| Transcribing agency | DLC |
| Modifying agency | DLC |
| 042 ## - AUTHENTICATION CODE | |
| Authentication code | lcac |
| 050 ## - LIBRARY OF CONGRESS CALL NUMBER | |
| Classification number | PZ 7 |
| Item number | .R79835Hbp 2006 |
| 100 1# - MAIN ENTRY--PERSONAL NAME | |
| Personal name | Rowling, J. K. |
| 9 (RLIN) | 17401 |
| 245 10 - TITLE STATEMENT | |
| Title | Harry Potter and the Half-Blood Prince / |
| Statement of responsibility, etc | J.K. Rowling ; illustrations by Mary GrandPr�. |
| 250 ## - EDITION STATEMENT | |
| Edition statement | 1st American ed. |
| 260 ## - PUBLICATION, DISTRIBUTION, ETC. (IMPRINT) | |
| Place of publication, distribution, etc | New York, NY : |
| Name of publisher, distributor, etc | Arthur A. Levine Books, |
| Date of publication, distribution, etc | 2006. |
| 300 ## - PHYSICAL DESCRIPTION | |
| Extent | 652 p. : |
| Other physical details | ill. ; |
| Dimensions | 19 cm. |
| 440 ## - SERIES STATEMENT/ADDED ENTRY--TITLE | |
| International Standard Serial Number | Harry Potter |
| 9 (RLIN) | 26770 |
| 520 ## - SUMMARY, ETC. | |
| Summary, etc | Harry Potter and the Half-Blood Prince takes up the story of Harry Potter's sixth year at Hogwarts School of Witchcraft and Wizardry at this point in the midst of the storm of this battle of good and evil. |
| 526 ## - STUDY PROGRAM INFORMATION NOTE | |
| Reading level | 1030 |
| 650 #0 - SUBJECT ADDED ENTRY--TOPICAL TERM | |
| Topical term or geographic name as entry element | Potter, Harry (Fictitious character) |
| Form subdivision | Juvenile fiction. |
| 9 (RLIN) | 30573 |
| 650 #0 - SUBJECT ADDED ENTRY--TOPICAL TERM | |
| Topical term or geographic name as entry element | Granger, Hermione (Fictitious character) |
| Form subdivision | Juvenile fiction. |
| 9 (RLIN) | 30574 |
| 650 #0 - SUBJECT ADDED ENTRY--TOPICAL TERM | |
| Topical term or geographic name as entry element | Weasley, Ron (Fictitious character) |
| Form subdivision | Juvenile fiction. |
| 9 (RLIN) | 30575 |
| 650 #0 - SUBJECT ADDED ENTRY--TOPICAL TERM | |
| Topical term or geographic name as entry element | Hogwarts School of Witchcraft and Wizardry (Imaginary organization) |
| Form subdivision | Juvenile fiction. |
| 9 (RLIN) | 30576 |
| 650 #1 - SUBJECT ADDED ENTRY--TOPICAL TERM | |
| Topical term or geographic name as entry element | Wizards |
| Form subdivision | Fiction. |
| 9 (RLIN) | 30577 |
| 650 #1 - SUBJECT ADDED ENTRY--TOPICAL TERM | |
| Topical term or geographic name as entry element | Magic |
| Form subdivision | Fiction. |
| 9 (RLIN) | 30578 |
| 650 #1 - SUBJECT ADDED ENTRY--TOPICAL TERM | |
| Topical term or geographic name as entry element | Schools |
| Form subdivision | Fiction. |
| 9 (RLIN) | 30579 |
| 651 #1 - SUBJECT ADDED ENTRY--GEOGRAPHIC NAME | |
| Geographic name | England |
| Form subdivision | Fiction. |
| 9 (RLIN) | 30580 |
| 700 1# - ADDED ENTRY--PERSONAL NAME | |
| Personal name | GrandPr�, Mary, |
| Relator term | ill. |
| 9 (RLIN) | 30581 |
| 906 ## - LOCAL DATA ELEMENT F, LDF (RLIN) | |
| a | 7 |
| b | cbc |
| c | orignew |
| d | 2 |
| e | epcn |
| f | 20 |
| g | y-gencatlg |
| 942 ## - ADDED ENTRY ELEMENTS (KOHA) | |
| Call number prefix | Foreign |
| Source of classification or shelving scheme | Library of Congress Classification |
| Koha item type | Books |
| Withdrawn status | Lost status | Source of classification or shelving scheme | Damaged status | Home library | Current library | Shelving location | Date acquired | Source of acquisition | Total Checkouts | Total Renewals | Full call number | Barcode | Date last seen | Date checked out | Copy number | Price effective from | Koha item type |
|---|---|---|---|---|---|---|---|---|---|---|---|---|---|---|---|---|---|
| Library of Congress Classification | College Library | College Library | Fiction Section | 01/22/2014 | Donation | 1 | 14 | PZ 7 .R79835Hbp 2006 | C8499 | 05/08/2018 | 12/12/2016 | 1 | 01/22/2014 | Books |